000 00267nam a2200097Ia 4500
005 20251222114342.0
008 251222s1900||||xx |||||||||||||| ||spa||
082 _aDVD0120/B94/1988
245 0 _aCarlos Kleiber: Bethoven 4.7 concertgebouw orchestra, Amsterdam:
942 _cDVD
999 _c888
_d888